000 00967cam a2200301 a 4500
001 16754828
003 OSt
005 20150408114018.0
008 110428s2011 njua b 001 0 eng
010 _a 2011012320
020 _a9780470741757 (cloth)
020 _a9780470741740 (pbk.)
040 _aDLC
_cDLC
042 _apcc
050 0 0 _aTS156.8
_b.H45 2011
082 0 0 _a658.562
_223
100 1 _aHenderson, G. Robin.
_911842
245 1 0 _aSix Sigma quality improvement with Minitab /
_cGeorge Robin Henderson.
250 _a2nd ed.
260 _aHoboken, NJ :
_bJohn Wiley & Sons,
_c2011.
300 _axvi, 504 p. :
_bill. ;
_c26 cm.
504 _aIncludes bibliographical references and index.
630 0 0 _aMinitab.
_911843
650 0 _aProcess control.
_94370
650 0 _aSix sigma (Quality control standard)
_94393
942 _2ddc
_cBOOK
999 _c21846
_d256346